zpět

Detail výsledku týmu

The PUB Praha 6 , Praha

Datum a čas kvízu

34.5 Celkem bodů Celkový počet nahraných bodů na tomto kvízu bez doplňovacích otázek.
7. Pořadí na kvízu Konečné umístění týmu na tomto kvízu.

Zaznamenané odpovědi

# Otázka Odpověď Body Výsledky
1. Šéf odborů po svém znovuzvolen... Josef Středula 1
2. Minulý týden navštívil Českou... Polska 0
3. Ve čtvrtek vstoupil do našich... Promlčeno 1
4. Tradiční český výrobce letadel... v Kunovicích 1
5. Kolikátý mistrovský titul po s... třetí titul v řadě 1
6. Při závodech osmiveslic nesmí... kormidelníka 1
7. Seřaďte následující zvířata po... 1A 2C 3D 4B 0
8. Sféra s 26 otvory, plocha 800... o florbale 1
9. Kterou hodnotu určuje číslo 13... C 0
10. Křížová cesta je řada kapliček... 14 zastavení 0